Pensar el lenguaje, pensar el aprendizaje (Registro nro. 301312)

Detalles MARC
000 -ENCABEZADO
Número de control [NR] 00925 a2200253 4500
005 - FECHA Y HORA DE LA ÚLTIMA TRANSACCIÓN
control field 20151001121350.0
008 - DE LONGITUD FIJA DE DATOS DE ELEMENTOS - INFORMACIÓN GENERAL
Elementos de longitud fija [NR] 151001t2011 ck a fr|||| 000 0 spa d
020 ## - NUMERO INTERNACIONAL NORMALIZADO PARA LIBROS [R]
Número Internacional Normalizado del libro [NR] 9789589937051
040 ## - FUENTE DE CATALOGACION [NR]
Agencia de catalogación original [NR] CO-BoUCM
Idioma de catalogación [NR] spa
Quien Cataloga Sandra Palacio
Quien Clasifica Sandra Palacio
041 0# - CODIGO DE IDIOMA [R]
Código de idioma para texto/pista de sonido o título separado [R] Español
100 ## - ASIENTO PRINCIPAL--NOMBRE PERSONAL [NR]
Nombre personal [NR] Escobar, Amparo
ID Autoridad 71887
245 ## - MENCION DE TITULO [NR]
Título [NR] Pensar el lenguaje, pensar el aprendizaje
Mención de responsabilidad, etc. [NR] Amparo Escobar y Amparo Duarte
260 ## - PUBLICACION, DISTRIBUCION, ETC. (PIE DE IMPRENTA) [R]
Fecha de publicación, distribución, etc. [R] 2011
Nombre del editor, distribuidor, etc. [R] Kimpres
Lugar de publicación, distribución, etc. [R] Bogotá (Colombia)
300 ## - DESCRIPCION FISICA [R]
Extensión [R] 78 páginas
Otros detalles físicos [NR] ilustraciones
490 ## - MENCION DE SERIE [R]
Mención de serie [R] Experiencias pedagógicas
504 ## - NOTA DE BIBLIOGRAFIA, ETC. [R]
Nota de bibliografía, etc. [NR] Incluye referencias bibliográficas
650 #7 - ASIENTO SECUNDARIO DE MATERIA - TERMINO TEMATICO [R]
9 (RLIN) 13779
Término temático o nombre geográfico como elemento de entrada [NR] Educación
Subdivisión geográfica [R] Cali (Colombia)
650 #7 - ASIENTO SECUNDARIO DE MATERIA - TERMINO TEMATICO [R]
9 (RLIN) 17968
Término temático o nombre geográfico como elemento de entrada [NR] Investigación
Subdivisión geográfica [R] Cali (Colombia)
650 #7 - ASIENTO SECUNDARIO DE MATERIA - TERMINO TEMATICO [R]
9 (RLIN) 9256
Término temático o nombre geográfico como elemento de entrada [NR] Aprendizaje
Subdivisión general [R] Investigación
Subdivisión geográfica [R] Cali (Colombia)
690 ## - ASUNTO AGREGADO LOCAL DE ENTRADA - TÉRMINO TEMÁTICO (OCLC, RLIN)
9 (RLIN) 42917
Acceso temático local Teoría de la educación
700 ## - ASIENTO SECUNDARIO - NOMBRE PERSONAL [R]
Nombre personal [NR] Duatre, Amparo
9 (RLIN) 71888
942 ## - ELEMENTOS DE ENTRADA AGREGADOS (KOHA)
Sistema de clasificación DEWEY
Tema principal Educación
Tipo de ítem principal el descrito en 300a Libro
Edición 1
Clasificación 370.3
Parte restante de la signatura top. E746
Existencias
Fecha de último préstamo Total préstamos Signatura topográfica Código de barras Última vez visto Ejemplar Costo de reposición Price effective from Tipo de ítem Perdido Sistema de clasificación Dañado No prestable Tipo de ítem específico Suprimido Ubicación habitual Ubicación actual Localización Fecha de creación Proveedor Forma de adquisición Costo
11/10/2017 1 370.3 E746 100147564 05/12/2025 Ej.1 26000.00 16/09/2015 Libro   DEWEY     Libro   Claustro Claustro 2do piso 16/09/2015 12 Donación 0.00